MARC details
| 000 -CABECERA |
| campo de control de longitud fija |
01506nam a2200313 i 4500 |
| 003 - IDENTIFICADOR DEL NÚMERO DE CONTROL |
| campo de control |
DO-SdBNP |
| 005 - FECHA Y HORA DE LA ÚLTIMA TRANSACCIÓN |
| campo de control |
20240814112146.0 |
| 007 - CAMPO FIJO DE DESCRIPCIÓN FÍSICA--INFORMACIÓN GENERAL |
| campo de control de longitud fija |
ta |
| 008 - DATOS DE LONGITUD FIJA--INFORMACIÓN GENERAL |
| campo de control de longitud fija |
120125s2006 sp a e 001 0 spa d |
| 020 ## - NÚMERO INTERNACIONAL ESTÁNDAR DEL LIBRO |
| Número Internacional Estándar del Libro |
8449411548 |
| 040 ## - FUENTE DE LA CATALOGACIÓN |
| Centro catalogador/agencia de origen |
DO-SdBNP |
| Lengua de catalogación |
spa |
| Centro/agencia transcriptor |
BNPHU |
| Normas de descripción |
rda |
| 041 ## - CÓDIGO DE LENGUA |
| Código de lengua original |
spa |
| 082 #4 - NÚMERO DE LA CLASIFICACIÓN DECIMAL DEWEY |
| Número de clasificación |
338.642 |
| Número de documento/Ítem |
E56p |
| Número de edición |
22 |
| 245 00 - MENCIÓN DE TÍTULO |
| Título |
Enciclopedia práctica de la pequeña y mediana empresa / |
| Mención de responsabilidad, etc. |
dirección, Carlos Gispert ; edición, Luis Borrás ; ilustraciones, Monserrat Marcet. |
| 264 #1 - PRODUCCIÓN, PUBLICACIÓN, DISTRIBUCIÓN, FABRICACIÓN Y COPYRIGHT |
| Producción, publicación, distribución, fabricación y copyright |
Barcelona, España : |
| Nombre del de productor, editor, distribuidor, fabricante |
Océano, |
| -- |
Centrum, |
| Fecha de producción, publicación, distribución, fabricación o copyright |
2016. |
| 300 ## - DESCRIPCIÓN FÍSICA |
| Extensión |
928 páginas : |
| Otras características físicas |
ilustraciones, gráficos ; |
| Dimensiones |
26 cm. |
| Material acompañante/anejo |
+CD-ROM |
| 336 ## - TIPO DE CONTENIDO |
| Fuente |
rdacontent |
| Término de tipo de contenido |
texto |
| Código de tipo de contenido |
txt |
| 337 ## - TIPO DE MEDIO |
| Fuente |
rdamedia |
| Nombre/término del tipo de medio |
sin mediación |
| Código del tipo de medio |
n |
| 338 ## - TIPO DE SOPORTE |
| Fuente |
rdacarrier |
| Nombre/término del tipo de soporte |
volumen |
| Código del tipo de soporte |
nc |
| 505 0# - NOTA DE CONTENIDO CON FORMATO |
| Nota de contenido con formato |
La empresa y el mercado -- |
| Título |
Publicidad y promoción de ventas -- |
| -- |
La dirección en las PYMES -- |
| -- |
La dirección y el marco de referencia legal -- |
| -- |
Los recursos humanos -- |
| -- |
Organización de las PYMES -- |
| -- |
La información para la toma de decisiones -- |
| -- |
Las finanzas en las PYMES-- |
| -- |
Análisis de la empresa -- |
| -- |
El proceso electrónico de datos-- |
| -- |
Glosario de términos empresariales. |
| 590 ## - NOTA LOCAL (RLIN) |
| Nota local |
Inventariado, 2024/BT |
| 650 #4 - PUNTO DE ACCESO ADICIONAL DE MATERIA--TÉRMINO DE MATERIA |
| Término de materia o nombre geográfico como elemento de entrada |
Microempresas |
| Subdivisión general |
Enciclopedias |
| 9 (RLIN) |
62975 |
| 650 #4 - PUNTO DE ACCESO ADICIONAL DE MATERIA--TÉRMINO DE MATERIA |
| Término de materia o nombre geográfico como elemento de entrada |
Administración |
| Subdivisión general |
Enciclopédias |
| 9 (RLIN) |
62976 |
| 700 12 - PUNTO DE ACCESO ADICIONAL--NOMBRE DE PERSONA |
| Nombre de persona |
Gispert, Carles, |
| 9 (RLIN) |
62977 |
| Fechas asociadas al nombre |
dirección |
| 700 12 - PUNTO DE ACCESO ADICIONAL--NOMBRE DE PERSONA |
| Nombre de persona |
Borrós, Luis, |
| Término indicativo de función/relación |
edición |
| 9 (RLIN) |
86307 |
| 700 12 - PUNTO DE ACCESO ADICIONAL--NOMBRE DE PERSONA |
| Nombre de persona |
Marcel, Monserrat, |
| Término indicativo de función/relación |
ilustraciones |
| 9 (RLIN) |
86309 |
| 910 ## - DATOS DE OPCIÓN DEL USUARIO (OCLC) |
| Datos de opción del usuario |
Btavárez. Validado, control de calidad/MAA |
| 942 ## - ELEMENTOS DE PUNTO DE ACCESO ADICIONAL (KOHA) |
| Fuente del sistema de clasificación o colocación |
Dewey Decimal Classification |
| Tipo de ítem Koha |
Libro |